000 00687nam a2200229#a 4500
001 02464
003 HDC
007 ta
008 230623s2013 xx 000 0 eng d
040 _aHDC
050 _aDS597.22
_b.C66 2013
245 4 _aTHE COMPLETE EQUATION :
_bthe book of journeys
264 _aKuala Lumpur :
_bMalaysian Technology Development Corporation,
_c2013
300 _a141 pages. :
_b colour photographs ;
_c 26 cm
650 _aHigh technology industries
_zMalaysia
650 _aTechnology and state
710 _aMalaysian Technology Development Corporation (MTDC),
_e issuing body"
942 _2lcc
942 _cBK
942 _kDS597.22
942 _m.C66 2013
999 _c24023
_d24023